Größte Städte Baden-Württemberg-Extrem - Statistiken

Allgemein
  • Dieses Quiz wurde 1.071 mal gespielt
  • Das Durchschnittsergebnis liegt bei 53 aus 100
Antwortstatistiken
Einwohner Städte % Korrekt
635.000 Stuttgart
99%
309.000 Mannheim
97%
313.000 Karlsruhe
96%
160.000 Heidelberg
91%
126.000 Ulm
91%
126.000 Heilbronn
89%
230.000 Freiburg im Breisgau
86%
85.000 Konstanz
86%
116.000 Reutlingen
85%
91.000 Tübingen
85%
55.000 Baden-Baden
81%
93.000 Ludwigsburg
81%
61.000 Friedrichshafen
80%
85.000 Villingen-Schwenningen
79%
60.000 Offenburg
74%
68.000 Aalen
73%
50.000 Rastatt
73%
51.000 Ravensburg
73%
50.000 Böblingen
72%
49.000 Lörrach
72%
65.000 Sindelfingen
70%
58.000 Göppingen
69%
61.000 Schwäbisch Gmünd
68%
40.000 Schwäbisch Hall
68%
94.000 Esslingen am Neckar
67%
36.000 Tuttlingen
67%
35.000 Sinsheim
63%
55.000 Waiblingen
63%
25.000 Rottweil
62%
45.000 Bruchsal
61%
24.000 Calw
61%
23.000 Freudenstadt
61%
50.000 Heidenheim an der Brenz
60%
34.000 Crailsheim
58%
36.000 Kehl
58%
47.000 Lahr/Schwarzwald
58%
48.000 Leonberg
58%
34.000 Balingen
57%
43.000 Bietigheim-Bissingen
55%
37.000 Backnang
54%
41.000 Nürtingen
54%
45.000 Albstadt
53%
28.000 Emmendingen
53%
39.000 Ettlingen
52%
46.000 Filderstadt
52%
40.000 Schorndorf
52%
33.000 Biberach an der Riß
51%
45.000 Weinheim
50%
46.000 Fellbach
48%
41.000 Kirchheim unter Teck
48%
26.000 Neckarsulm
48%
48.000 Singen (Hohentwiel)
48%
29.000 Bretten
47%
23.000 Donaueschingen
47%
28.000 Geislingen an der Steige
46%
40.000 Leinfelden-Echterdingen
46%
32.000 Herrenberg
45%
39.000 Ostfildern
45%
25.000 Horb am Neckar
44%
126.000 Pfortzheim
44%
44.000 Rottenburg am Neckar
44%
23.000 Überlingen
44%
24.000 Waldshut-Tiengen
44%
28.000 Winnenden
44%
24.000 Bad Mergentheim
43%
34.000 Kornwestheim
43%
23.000 Mosbach
43%
29.000 Vaihingen an der Enz
43%
22.000 Metzingen
40%
22.000 Nagold
40%
26.000 Achern
39%
22.000 Hockenheim
39%
26.000 Ehingen
38%
26.000 Mühlacker
37%
30.000 Weil am Rhein
37%
25.000 Weingarten
37%
23.000 Wertheim
37%
29.000 Bühl
36%
31.000 Radolfzell am Bodensee
36%
21.000 Schwetzingen
36%
22.000 Eppingen
35%
24.000 Öhringen
35%
27.000 Wangen im Allgäu
35%
27.000 Weinstadt
35%
27.000 Wiesloch
35%
30.000 Gaggenau
34%
25.000 Ditzingen
32%
21.000 Bad Rappenau
31%
26.000 Remseck am Neckar
31%
21.000 Eislingen/Fils
30%
27.000 Leimen
29%
20.000 Mössingen
28%
21.000 Schramberg
28%
25.000 Ellwangen (Jagst)
27%
23.000 Leutkirch im Allgäu
27%
25.000 Stutensee
27%
21.000 Waghäusel
26%
33.000 Rheinfelden (Baden)
24%
22.000 Waldkirch
24%
22.000 Laupheim
22%
Keine übereinstimmenden Quizze gefunden
Verteilung der Resultate
Anzahl Personen mit jedem Resultat
Perzentil nach korrekt beantworteten Fragen
Ihre Resultats-Entwicklung
Sie haben dieses Quiz noch nicht gespielt